Normal view
MARC view
- Critical Study
Entry Topical Term
001 - CONTROL NUMBER
- control field: 68444
003 - CONTROL NUMBER IDENTIFIER
- control field: OSt
005 - DATE AND TIME OF LATEST TRANSACTION
- control field: 20220806111513.0
008 - FIXED-LENGTH DATA ELEMENTS
- fixed length control field: 220806|| aca||aabn | a|a d
040 ## - CATALOGING SOURCE
- Original cataloging agency: OSt
- Transcribing agency: OSt
150 ## - HEADING--TOPICAL TERM
- Topical term or geographic name entry element: Critical Study
670 ## - SOURCE DATA FOUND
- Source citation: Work cat.: (OSt)38453: Singh, R. A. / Kumar, N. Vlvn Ed. 68443, Critical Studies On Indian Fiction In English, 2014